Countries With The Most Tennis Players - Statistics

General Stats
  • This quiz has been taken 1,142 times
  • The average score is 8 of 10
Answer Stats
Hint Answer % Correct
17 United States
98%
21 Spain
97%
16 France
94%
11 Germany
91%
16 Russia
91%
8 Italy
87%
6 Serbia
78%
8 Argentina
68%
9 Czech Republic
61%
6 Slovakia
36%
No matching quizzes found
Score Distribution
Percent of People with Each Score
Percentile by Number Answered
Your Score History
You have not taken this quiz